Pokémon - Les attaques de Mouscoto - Statistiques

Statistiques générales
  • Ce quiz a été pris 19 fois
  • Le résultat moyen est 8 sur 16
Statistiques - réponses
Niveaux Types Noms des attaques % Correct
Niveau 20 Combat Gonflette
89%
Niveau 65 Combat Surpuissance
89%
Niveau 40 Insecte Furie-Bond
78%
Niveau 60 Combat Marto-Poing
67%
Niveau 70 Combat Mitra-Poing
67%
Niveau 5 Ténèbres Provoc
67%
Niveau 55 Combat Riposte
67%
Niveau 30 Combat Contre
56%
Niveau 50 Combat Dynamo-Poing
56%
Départ Combat Poing Boost
56%
Niveau 15 Combat Corps Perdu
44%
Niveau 10 Insecte Dard Mortel
44%
Niveau 45 Normal Puissance
44%
Niveau 35 Normal Ultimapoing
22%
Départ Normal Armure
0%
Niveau 25 Normal Ténacité
0%
Aucun quiz correspondant
Distribution des résultats
% des personnes avec chaque résultat
Percentile par nombre de réponses
Votre historique - résultats
Vous n’avez pas pris ce quiz